Qamoos al mustalhat al-tabiya: Dictionary of Medical terms (English-Arabic) (Record no. 1229950)
[ view plain ]
| 000 -LEADER | |
|---|---|
| fixed length control field | 00682nam a2200205Ia 4500 |
| 005 - DATE AND TIME OF LATEST TRANSACTION | |
| control field | 20241129111328.0 |
| 008 - FIXED-LENGTH DATA ELEMENTS--GENERAL INFORMATION | |
| fixed length control field | 241129s9999||||xx |||||||||||||| ||und|| |
| 037 ## - SOURCE OF ACQUISITION | |
| Stock number | REF |
| 040 ## - CATALOGING SOURCE | |
| Original cataloging agency | CRL |
| Language of cataloging | eng |
| Transcribing agency | CRL |
| 041 ## - LANGUAGE CODE | |
| Language code of text/sound track or separate title | ara |
| Source of code | ara |
| 084 ## - COLON CLASSIFICATION NUMBER | |
| Classification number | L:(P111:4)k 28P6 (RR) |
| Assigning agency | CRL |
| 100 ## - MAIN ENTRY--PERSONAL NAME | |
| Personal name | Ibrahim Michel Au.; Farhat Fadi A. Tr. |
| 9 (RLIN) | 724095 |
| 245 #0 - TITLE STATEMENT | |
| Title | Qamoos al mustalhat al-tabiya: Dictionary of Medical terms (English-Arabic) |
| Statement of responsibility, etc. | Ibrahim Michel Au.; Farhat Fadi A. Tr. |
| 260 ## - PUBLICATION, DISTRIBUTION, ETC. | |
| Place of publication, distribution, etc. | Beirut, Lebanon |
| Name of publisher, distributor, etc. | Dar al-kotob al-ilmiyah |
| Date of publication, distribution, etc. | 2006 |
| 300 ## - PHYSICAL DESCRIPTION | |
| Extent | 899p. |
| 365 ## - TRADE PRICE | |
| Price type code | INR |
| Price amount | 3648 |
| 650 ## - SUBJECT ADDED ENTRY--TOPICAL TERM | |
| Topical term or geographic name entry element | Medicine |
| 942 ## - ADDED ENTRY ELEMENTS (KOHA) | |
| Koha item type | Reference |
| Classification part | L:(P111:4)k 28P6 (RR) |
| Withdrawn status | Lost status | Damaged status | Not for loan | Home library | Current library | Date acquired | Source of acquisition | Cost, normal purchase price | Inventory number | Total Checkouts | Full call number | Barcode | Date last seen | Price effective from | Koha item type |
|---|---|---|---|---|---|---|---|---|---|---|---|---|---|---|---|
| Central Library | Central Library | 2024-11-29 | Nadwi Publications | 3648.00 | 1720 & 27/01/2024 | L:(P111:4)k 28P6 (RR) | CL1680753 | 2024-11-29 | 2024-11-29 | Reference |
